[Event "Tournoi francophone 001 Groupe C"]
[Site "Skype"]
[Date "????.??.??"]
[Round "7.2"]
[White "Sauvaget, Joel"]
[Black "Coruble, Didier"]
[Result "1-0"]
[WhiteElo "1377"]
[BlackElo "1406"]
[PlyCount "75"]

1. d4 d5 2. Nf3 Nc6 3. c3 e6 4. e3 Bd6 5. Bd3 Nf6 6. Nbd2 b6 7. Qc2 Bb7 8. O-O
Qd7 9. Re1 O-O-O 10. e4 dxe4 11. Nxe4 Nxe4 12. Bxe4 f5 13. Bd3 Ne7 14. Qe2 h6
15. Ba6 g5 16. Bxb7+ Kxb7 17. Qxe6 Qxe6 18. Rxe6 Rde8 19. Bd2 Nd5 20. Rae1 Ref8
21. Ne5 Re8 22. Ng6 Rxe6 23. Rxe6 Rg8 24. Ne5 h5 25. g3 f4 26. Nf7 fxg3 27.
Nxd6+ cxd6 28. fxg3 Kc6 29. a3 a5 30. c4 Nc7 31. d5+ Kd7 32. Rf6 Re8 33. Kf2 g4
34. Bf4 Re4 35. Rxd6+ Kc8 36. Rc6 Rd4 37. Rxc7+ Kd8 38. Rc6 1-0

[Event "Tournoi francophone 001 Groupe C"]
[Site "Skype"]
[Date "????.??.??"]
[Round "7.4"]
[White "Dubois, Real"]
[Black "Farthouat, Titoine"]
[Result "1/2-1/2"]
[WhiteElo "1376"]
[BlackElo "1368"]
[PlyCount "80"]

1. d4 d5 2. e3 e6 3. Nf3 c5 4. Bb5+ Bd7 5. Bxd7+ Nxd7 6. c3 Ngf6 7. Nbd2 Be7 8.
b4 b6 9. bxc5 bxc5 10. Ba3 O-O 11. O-O Rb8 12. Qa4 Qc7 13. Rab1 Nb6 14. Qc2 c4
15. Bxe7 Qxe7 16. a4 Qd7 17. Rb4 a5 18. Rb5 Nxa4 19. Rxb8 Rxb8 20. Ne5 Qb5 21.
Rb1 Nb2 22. g3 a4 23. Ra1 h6 24. Ra2 Ne8 25. Nc6 Qxc6 26. Rxb2 Rxb2 27. Qxb2
Qa6 28. Qa3 Nd6 29. Nb1 Nb5 30. Qb4 a3 31. Nxa3 Nxa3 32. Qe7 f6 33. Qe8+ Kh7
34. h4 Nb1 35. h5 Nxc3 36. Qg6+ Kg8 37. Qe8+ Kh7 38. Qg6+ Kh8 39. Qe8+ Kh7 40.
Qg6+ Kh8 1/2-1/2

[Event "Tournoi francophone 001 Groupe C"]
[Site "Skype"]
[Date "????.??.??"]
[Round "7.5"]
[White "Le Brun, Yves"]
[Black "Vincent, Andre"]
[Result "1-0"]
[WhiteElo "1449"]
[BlackElo "1404"]
[PlyCount "73"]

1. e4 c5 2. Nf3 d6 3. c3 Nc6 4. Bc4 h6 5. d3 e6 6. O-O Be7 7. Bf4 e5 8. Bg3 Nf6
9. h3 O-O 10. Bh4 Be6 11. Bb3 b5 12. Nbd2 a5 13. a4 b4 14. c4 Nd4 15. Nxd4 cxd4
16. f4 g6 17. f5 gxf5 18. exf5 Bd7 19. Qf3 Rb8 20. Rac1 Qc8 21. Bxf6 Bxf6 22.
Ne4 Qd8 23. Qg3+ Kh7 24. Nxd6 Qe7 25. c5 Be8 26. Bd5 Rg8 27. Qf3 Bg5 28. Rce1
Be3+ 29. Kh1 Rg7 30. f6 Qf8 31. fxg7 Qxg7 32. Nf5 Qg5 33. Nxe3 dxe3 34. Rxe3 b3
35. Re4 Kg8 36. Rg4 Qxg4 37. Qxg4+ 1-0

[Event "Tournoi francophone 001 Groupe C"]
[Site "Skype"]
[Date "????.??.??"]
[Round "8.1"]
[White "Talbot, Jacques"]
[Black "Vincent, Andre"]
[Result "1-0"]
[WhiteElo "1444"]
[BlackElo "1404"]
[PlyCount "55"]

1. e4 e5 2. Nf3 Nc6 3. Bb5 d6 4. d4 Bd7 5. O-O Nf6 6. h3 Nxe4 7. Re1 Nf6 8.
Bxc6 Bxc6 9. dxe5 Ne4 10. exd6 Bxd6 11. Nc3 f5 12. Ng5 Qf6 13. Ngxe4 fxe4 14.
Nxe4 Bxe4 15. Rxe4+ Kd7 16. Bf4 Rae8 17. Qg4+ Kc6 18. Rc4+ Bc5 19. b4 Qxa1+ 20.
Kh2 b6 21. bxc5 b5 22. Qf3+ Kd7 23. Qd5+ Kc8 24. Rd4 Qxd4 25. Qxd4 Re7 26. c6
Kb8 27. Bg5 Rf7 28. Be3 1-0

[Event "Tournoi francophone 001 Groupe C"]
[Site "Skype"]
[Date "????.??.??"]
[Round "8.2"]
[White "Farthouat, Titoine"]
[Black "Le Brun, Yves"]
[Result "0-1"]
[WhiteElo "1368"]
[BlackElo "1449"]
[PlyCount "84"]

1. e4 e5 2. Nf3 d6 3. h3 a6 4. Nc3 Nf6 5. Bc4 h6 6. O-O Be7 7. Re1 O-O 8. d3
Bd7 9. Be3 b5 10. Bb3 a5 11. Bd5 c6 12. Nxb5 cxd5 13. Na3 Nc6 14. c4 dxe4 15.
dxe4 Nxe4 16. Qb3 Nb4 17. Bxh6 Nxf2 18. Kxf2 gxh6 19. Qe3 Bg5 20. Nxg5 hxg5 21.
c5 Bc6 22. cxd6 Qf6+ 23. Kg1 Rfe8 24. Rad1 Rad8 25. Re2 e4 26. Nc4 Qf4 27. Qd4
e3 28. Qc3 Bb5 29. b3 Bxc4 30. bxc4 Re4 31. Rc1 Rxd6 32. c5 Rd2 33. Rxd2 exd2
34. Rd1 Re2 35. Rf1 Re1 36. Rxe1 dxe1=Q+ 37. Qxe1 Qd4+ 38. Kf1 Qxc5 39. Qe8+
Kg7 40. a3 Nd3 41. Qe2 Qc1+ 42. Qd1 Qxd1# 0-1

[Event "Tournoi francophone 001 Groupe C"]
[Site "Skype"]
[Date "????.??.??"]
[Round "8.3"]
[White "Briere, Jean"]
[Black "Dubois, Real"]
[Result "1-0"]
[WhiteElo "1460"]
[BlackElo "1376"]
[PlyCount "89"]

1. e4 e5 2. Nf3 d6 3. Bc4 h6 4. O-O Nf6 5. d3 Be7 6. Nc3 Nbd7 7. Re1 c6 8. Be3
Nb6 9. Bb3 Ng4 10. h3 Nxe3 11. Rxe3 O-O 12. d4 Nd7 13. Rd3 Nf6 14. dxe5 Ne8 15.
exd6 Nxd6 16. e5 Bd7 17. exd6 Bf6 18. Qe2 Bf5 19. Re3 Qxd6 20. Rd1 Qc7 21. Ne5
Bxe5 22. Rxe5 Bg6 23. Re7 Qc8 24. Ne4 Bxe4 25. Qxe4 Kh8 26. Rdd7 b5 27. Rxf7
Rxf7 28. Rxf7 Qg8 29. Rxa7 Qf8 30. Rxa8 Qxa8 31. Qb4 Qe8 32. Qc3 Qd7 33. Qf3
Qe8 34. a4 bxa4 35. Bxa4 Qe1+ 36. Kh2 Qe5+ 37. g3 c5 38. Bb3 Qe7 39. Bc4 Kh7
40. Qd3+ Kh8 41. h4 Qf8 42. f4 Qe7 43. h5 Qe1 44. Qd8+ Kh7 45. Qg8# 1-0

[Event "Tournoi francophone 001 Groupe C"]
[Site "Skype"]
[Date "????.??.??"]
[Round "8.4"]
[White "Coruble, Didier"]
[Black "De Coninck, Philippe"]
[Result "1/2-1/2"]
[WhiteElo "1406"]
[BlackElo "1443"]
[PlyCount "117"]

1. e4 e5 2. Nf3 Nf6 3. d3 Nc6 4. c3 Bc5 5. Qc2 d5 6. b4 Bb6 7. Be3 Bxe3 8. fxe3
a5 9. b5 Na7 10. Qa4 c6 11. Nxe5 Nxb5 12. Qc2 Qb6 13. d4 Nxe4 14. a4 Nc7 15.
Bd3 Bf5 16. O-O Bg6 17. Nxg6 hxg6 18. Bxe4 f5 19. Bd3 O-O-O 20. Nd2 Rhe8 21.
Rfb1 Qa7 22. Nf1 Re6 23. Rb3 Rd7 24. Rab1 Ne8 25. Rxb7 Rxb7 26. Qf2 Rxb1 27.
Bxb1 Nd6 28. Qh4 Qe7 29. Qh8+ Kd7 30. Qa8 Nc4 31. Bd3 Nxe3 32. Ba6 Nxf1 33.
Bc8+ Kd6 34. Qb8+ Qc7 35. Qxc7+ Kxc7 36. Bxe6 Ne3 37. Bf7 g5 38. Bg6 f4 39. Kf2
Ng4+ 40. Kg1 Kd6 41. h3 Ne3 42. Bh5 c5 43. Kf2 cxd4 44. cxd4 Nf5 45. Kf3 Ke6
46. Bg4 g6 47. Ke2 Kd6 48. Bxf5 gxf5 49. Kf3 Ke6 50. Ke2 Kf6 51. Kf3 Kg6 52.
Ke2 Kh5 53. Kf3 Kh4 54. Kf2 g4 55. Ke2 f3+ 56. gxf3 g3 57. Kf1 Kxh3 58. Kg1 g2
59. f4 1/2-1/2

[Event "Tournoi francophone 001 Groupe C"]
[Site "Skype"]
[Date "????.??.??"]
[Round "8.5"]
[White "Porcabeuf, Jean-Marc"]
[Black "Sauvaget, Joel"]
[Result "1/2-1/2"]
[WhiteElo "1438"]
[BlackElo "1377"]
[PlyCount "100"]

1. d4 d5 2. c4 c6 3. Nf3 Nf6 4. Nc3 e6 5. a3 Be7 6. e3 Nbd7 7. Bd3 O-O 8. O-O
Re8 9. Re1 Nf8 10. e4 dxe4 11. Nxe4 Nxe4 12. Bxe4 Bf6 13. Bc2 g6 14. Bf4 Qb6
15. b3 Rd8 16. Be5 Bxe5 17. Rxe5 f6 18. Re4 e5 19. d5 cxd5 20. Rg4 Bxg4 21. h3
Bxf3 22. Qxf3 f5 23. cxd5 e4 24. Qd1 Rd6 25. Qd2 Rad8 26. Rd1 Rxd5 27. Qe2
Rxd1+ 28. Bxd1 Qd4 29. Bc2 a6 30. b4 Kg7 31. Bb3 b5 32. Qa2 Qd2 33. Qa1+ Qd4
34. Qb2 Nd7 35. Qc2 Nc5 36. bxc5 Rc8 37. c6 Qd6 38. Qc3+ Qf6 39. Qc5 Rxc6 40.
Qa7+ Kh6 41. Qe3+ Qg5 42. Qa7 Rc1+ 43. Kh2 Qf6 44. Bg8 Qg7 45. Qe3+ g5 46. Qxc1
Qxg8 47. Qc6+ Qg6 48. Qc8 Qf6 49. g4 f4 50. Kg2 Kg6 1/2-1/2

[Event "Tournoi francophone 001 Groupe C"]
[Site "Skype"]
[Date "????.??.??"]
[Round "9.1"]
[White "Sauvaget, Joel"]
[Black "Talbot, Jacques"]
[Result "1-0"]
[WhiteElo "1377"]
[BlackElo "1444"]
[PlyCount "37"]

1. d4 d5 2. Nf3 Nf6 3. e3 e6 4. Bd3 c6 5. Nbd2 Bd6 6. O-O O-O 7. c3 Nbd7 8. Re1
h6 9. e4 dxe4 10. Nxe4 Nxe4 11. Rxe4 Nf6 12. Rh4 Be7 13. Bxh6 gxh6 14. Rxh6 Kg7
15. Rh3 e5 16. Rg3+ Kh8 17. Nxe5 Bd6 18. Qd2 Bxe5 19. Qh6+ 1-0

[Event "Tournoi francophone 001 Groupe C"]
[Site "Skype"]
[Date "????.??.??"]
[Round "9.2"]
[White "De Coninck, Philippe"]
[Black "Porcabeuf, Jean-Marc"]
[Result "1-0"]
[WhiteElo "1443"]
[BlackElo "1438"]
[PlyCount "35"]

1. e4 e5 2. f4 d6 3. Nf3 Nf6 4. Nc3 a6 5. fxe5 dxe5 6. Bc4 Nc6 7. O-O Bc5+ 8.
Kh1 O-O 9. d3 Bg4 10. Bg5 Re8 11. Nd5 Qd6 12. h3 Bxh3 13. Nxf6+ gxf6 14. Ng1
Bxg2+ 15. Kxg2 fxg5 16. Rxf7 Kh8 17. Qh5 Ne7 18. Qxh7# 1-0

[Event "Tournoi francophone 001 Groupe C"]
[Site "Skype"]
[Date "????.??.??"]
[Round "9.3"]
[White "Dubois, Real"]
[Black "Coruble, Didier"]
[Result "1-0"]
[WhiteElo "1376"]
[BlackElo "1406"]
[PlyCount "113"]

1. d4 e6 2. c3 d5 3. g3 Bd6 4. Bg2 c6 5. Be3 Nd7 6. Nf3 h6 7. Qb3 b5 8. Nbd2 a5
9. a3 a4 10. Qc2 Ndf6 11. Nh4 g5 12. Nhf3 Ne7 13. Nf1 Nf5 14. Ne5 Qc7 15. Nd3
Ng4 16. Qd2 f6 17. h3 Ngxe3 18. Nxe3 Nxg3 19. fxg3 Bxg3+ 20. Nf2 Qf4 21. Rf1 h5
22. Bf3 g4 23. hxg4 h4 24. Ng2 Qxd2+ 25. Kxd2 h3 26. Ne3 Bf4 27. Nd3 Bd7 28.
Nxf4 O-O-O 29. Rh1 h2 30. Nh5 f5 31. gxf5 exf5 32. Nf6 f4 33. Neg4 Bf5 34. Rxh2
Rxh2 35. Nxh2 Be4 36. Bxe4 dxe4 37. Nxe4 Rh8 38. Rh1 Rg8 39. Nf3 Kc7 40. Rh7+
Kb6 41. Nfg5 Rf8 42. Rf7 Rh8 43. Nh7 Rg8 44. Nc5 Rg2 45. Rb7+ Ka5 46. Rf7 Rg4
47. Nf6 Rh4 48. Nfe4 Kb6 49. b4 axb3 50. Nxb3 f3 51. Rxf3 Rxe4 52. Nc5 Re8 53.
e3 Ra8 54. Rf7 Rb8 55. Nd7+ Kc7 56. Nxb8+ Kxb8 57. e4 1-0

[Event "Tournoi francophone 001 Groupe C"]
[Site "Skype"]
[Date "????.??.??"]
[Round "9.4"]
[White "Le Brun, Yves"]
[Black "Briere, Jean"]
[Result "0-1"]
[WhiteElo "1449"]
[BlackElo "1460"]
[PlyCount "100"]

1. d4 d5 2. Nf3 Nf6 3. e3 Bf5 4. Bd3 Ne4 5. O-O e6 6. Nbd2 Bd6 7. Nxe4 dxe4 8.
Bb5+ c6 9. Ne5 cxb5 10. f4 exf3 11. Qxf3 Bxe5 12. dxe5 Nc6 13. Rd1 Qc7 14. e4
Nxe5 15. Qf4 Qc5+ 16. Be3 Qxc2 17. Qxe5 Qxe4 18. Qxb5+ Qc6 19. Qb4 Rd8 20.
Rxd8+ Kxd8 21. Bxa7 Re8 22. Bb6+ Kc8 23. Qa5 Kd7 24. Rd1+ Ke7 25. Bc5+ Kf6 26.
Qc3+ Kg6 27. Qg3+ Kf6 28. Qh4+ g5 29. Qh6+ Bg6 30. Rf1+ Ke5 31. Qxg5+ Bf5 32.
Qf4+ Kf6 33. Bd4+ Ke7 34. g4 Rg8 35. h3 f6 36. Kh2 Qc2+ 37. Rf2 Qc6 38. Re2 Bd3
39. Rf2 f5 40. Qe5 Kd7 41. Qf6 Re8 42. gxf5 Bxf5 43. Bc3 Qd6+ 44. Qe5 Qxe5+ 45.
Bxe5 Rg8 46. Rd2+ Kc6 47. a4 Rg5 48. Bf4 Rh5 49. b4 Rxh3+ 50. Kg2 Rd3 0-1

[Event "Tournoi francophone 001 Groupe C"]
[Site "Skype"]
[Date "????.??.??"]
[Round "9.5"]
[White "Vincent, Andre"]
[Black "Farthouat, Titoine"]
[Result "0-1"]
[WhiteElo "1404"]
[BlackElo "1368"]
[PlyCount "96"]

1. d4 d5 2. c4 dxc4 3. Nc3 Nc6 4. Nf3 Bg4 5. h3 Bxf3 6. exf3 Qxd4 7. Qxd4 Nxd4
8. Rb1 Rd8 9. Be2 Nc2+ 10. Kf1 Nf6 11. Bxc4 e6 12. Be3 Nxe3+ 13. fxe3 Bb4 14.
Rd1 O-O 15. Rxd8 Rxd8 16. Ke2 Bxc3 17. bxc3 a5 18. Rd1 Rc8 19. g4 c6 20. g5 Nh5
21. Kf2 b5 22. Be2 h6 23. f4 f6 24. Bxh5 hxg5 25. fxg5 fxg5 26. Bg4 Rf8+ 27.
Kg3 e5 28. Be6+ Kh7 29. Rd7 e4 30. Rf7 Re8 31. Bd7 Rd8 32. h4 Kg6 33. Re7 Kf6
34. Re6+ Kf7 35. Be8+ Kxe6 36. Bxc6 gxh4+ 37. Kxh4 Rd3 38. Bxb5 Rxe3 39. Bc4+
Kd6 40. Kg4 Rxc3 41. Be2 e3 42. Kf3 g5 43. Ke4 Ke6 44. Bg4+ Kf6 45. Kd4 Ra3 46.
Ke4 Ra4+ 47. Kf3 Rxg4 48. Kxg4 e2 0-1